| 000 | 00682nam a2200229 a 4500 | ||
|---|---|---|---|
| 001 | 000019446 | ||
| 005 | 20200929170023.0 | ||
| 008 | 100629s2005 sp a 000 0 spa d | ||
| 020 | _a8484038556 | ||
| 040 |
_aDO-SdBNP _bspa _cBNPHU |
||
| 082 |
_a921.5 _bG158C |
||
| 100 | 1 |
_aCuadrado, Sara _941728 |
|
| 245 | 1 | 0 |
_aGalileo / _cSara Cuadrado. |
| 260 |
_aMadrid : _bEdimat Libros, _c2005. |
||
| 300 |
_a192 p. : _bil. ; _c23 cm. |
||
| 490 | 1 | _aGrandes Biografías | |
| 500 | _aIncluye referencias bibliográficas ( p. 187-188) | ||
| 600 | 1 | 4 |
_aGALILEI, GALILEO, _d1564-1642 _941748 |
| 650 | 4 |
_aFilósofos italianos _941749 |
|
| 830 | 0 |
_aGrandes Biografías _911230 |
|
| 049 | _aBNPD | ||
| 999 |
_c18962 _d18962 |
||